000
00321nam a2200133Ia 4500
008
190216s9999||||xx |||||||||||||| ||und||
100
_a
"Mathachan. M, Lazarus. Vt, Joseph. Pa"
245
0
_a
Cbse Physics
250
_a
5th Ed.
260
_b
Vidyarthimithram
_c
1998
300
_a
430
650
_a
Physics
942
_c
BK
999
_c
33375
_d
33375